000 00590nam a2200181Ia 4500
008 151018s9999 xx 000 0 und d
082 _bRBASDV15545
_a891.463
100 _aविनायक डंके
245 _aकोसळत्या छाया
250 _b1
260 _bसुरस प्रकाशन पंजाब
_c1982
300 _a154
600 _aविनायक डंके
630 _aकोसळत्या छाया
700 _aविनायक डंके
730 _aकोसळत्या छाया
942 _cBOOK
999 _c1016272
_d1016269